Estadísticas para Contar en números romanos - Sprint de 30 segundos

Haz click aquí para intentar la prueba.

Estadísticas generales

  • Esta prueba ha sido intentada 203 veces
  • La puntuación promedio es 20 de 50

Estadísticas de respuestas

#% Correcto
I
100%
II
100%
III
100%
IV
98%
V
98%
VI
98%
VII
96%
VIII
96%
IX
93%
X
93%
XI
91%
XII
91%
XIII
89%
XIV
83%
XV
82%
XVI
80%
XVII
80%
XVIII
76%
XIX
63%
XX
59%
XXI
51%
XXII
45%
XXIII
35%
XXIV
22%
XXV
21%
XXVI
18%
XXVII
12%
XXVIII
7%
XXIX
5%
XXX
5%
XXXI
2%
XXXII
2%
XXXIII
2%
L
0%
XL
0%
XLI
0%
XLII
0%
XLIII
0%
XLIV
0%
XLIX
0%
XLV
0%
XLVI
0%
XLVII
0%
XLVIII
0%
XXXIV
0%
XXXIX
0%
XXXV
0%
XXXVI
0%
XXXVII
0%
XXXVIII
0%

Distribución de puntuación

Porcentaje por número respondido

Porcentaje de gente con cada puntuación

Historial de tus puntuaciones

No has intentado esta prueba.